Language Quiz

Random Language Quiz

FRA2A050 orðaforði Matur og Veitingahús Quiz Stats

 Plays Quiz not verified by Sporcle

Challenge
Share
Tweet
Embed
Score 0/58 Timer 10:00
0 Plays Today
Franska Íslenska % Correct
un pain brauð
82.7%
sucrasykur
82%
fromageostur
82%
Des carrottesgulrætur
81.3%
porcsvín
80.6%
De pommes de terrekartöflur
79.9%
pommesepli
79.9%
D'abordfyrst
77%
fleursblóm
75.5%
gateaukaka
75.5%
un plat diskur
74.1%
escargotsniglar
72.7%
pouletkjúklingur
71.9%
un bol du cafékaffi bolli
71.9%
légumesgrænmeti
71.2%
prisverð
71.2%
poissonfiskur
70.5%
Puissvo
68.3%
une servietteservétta
68.3%
poiresperur
66.9%
en fin að lokum
66.2%
confituresulta
65.5%
une carafe d'eauvatnsflaska
65.5%
boulangeriebakarí
64%
Tout a'bordalveg fyrst
63.3%
de laitmjólk
63.3%
une bouteilleflaska
61.9%
tartebaka
61.2%
un nappedúkur
61.2%
Franska Íslenska % Correct
une fourchettegaffall
59%
de beurresmjör
59%
gratuiteókeypis
56.8%
moutonlamb
56.8%
Ensuitnæst
56.1%
des tartiniesristað brauð
54.7%
la théiereketill
54.7%
un tassebolli
53.2%
la cafitiérekaffikanna
53.2%
Pour commencerTil að byrja með
52.5%
poireauxSellerý
51.8%
un cocotte et son couverclepottur með loki
51.8%
une cuilléreskeið
51.8%
un verre glerglas
51.8%
Aprésá eftir
51.1%
marchendeverslunarmaður
51.1%
étiquettemerki
51.1%
une tire-bouchontappatogari
51.1%
mouxhoirsvasaklútar
50.4%
poidsþyngd
49.6%
un moule á tartekökufat
49.6%
un couteauhnífur
48.2%
cannattesdós
46.8%
un bouchontappi
46.8%
une casserolepanna
46%
patisseriesætabrauð
44.6%
(un peu) plus tardaðeins seinna
43.9%
un cendrieröskubakki
42.4%
coutentkosta
40.3%

You're not logged in!

Compare scores with friends on all Sporcle quizzes.
OR
Log In

You Might Also Like...

Show Comments

Extras

Created Jun 4, 2012ReportNominate

Top Quizzes Today


Score Distribution

Your Account Isn't Verified!

In order to create a playlist on Sporcle, you need to verify the email address you used during registration. Go to your Sporcle Settings to finish the process.

Report this User

Report this user for behavior that violates our Community Guidelines.

Details: